000 00326nam a22001457a 4500
008 230502b ||||| |||| 00| 0 eng d
020 _a9780838910160
041 _aeng
080 _2SECOND EDITION
_a37
082 _a37GIE
100 _a22
101 _aEDU
245 _aLIBRARY SUPERVISION
_cGIESECKE.J
942 _2udc
_cBK
999 _c59652
_d59652